000 00373 a2200145 4500
020 _aN/S
040 _aISPLB
082 _a9(1)
_b32
100 _9985
_aMEDINA ,Maria Do Carmo
245 _aANGOLA Processos Politicos da Luta Pela Independencia
260 _aLuanda,
_bFaculdade de Direito Agostinho Neto
_c2003.
300 _a388p
650 _aPolitica
942 _cLivros
999 _c2161
_d2161